Eurovision - Armenia given 12 points - Statistics

General Stats
  • This quiz has been taken 106 times
  • The average score is 7 of 10
Answer Stats
# Country % Correct
8 Russia
99%
4 Georgia
97%
3 Ukraine
93%
1 Portugal
74%
1 Belarus
71%
1 Cyprus
70%
1 France
69%
1 Montenegro
43%
1 Malta
42%
1 Iceland
38%
No matching quizzes found
Score Distribution
Percent of People with Each Score
Percentile by Number Answered
Your Score History
You have not taken this quiz